[Event "Titled Tue 1st Jul Late"]
[Site "chess.com INT"]
[Date "2025.07.01"]
[Round "10"]
[White "Caku, Kler"]
[Black "Schracke, Guido"]
[Result "1-0"]
[WhiteTitle "WFM"]
[BlackTitle "CM"]
[WhiteElo "2010"]
[BlackElo "2138"]
[WhiteFideId "4704703"]
[BlackFideId "4637054"]
[EventDate "2025.07.01"]

1. e4 c5 2. Nf3 Nc6 3. d4 cxd4 4. Nxd4 e5 5. Nb5 a6 6. Nd6+ Bxd6 7. Qxd6 Qf6 8.
Qxf6 Nxf6 9. Nc3 d5 10. Bd3 d4 11. Ne2 Nb4 12. f4 Nxd3+ 13. cxd3 exf4 14. Bxf4
O-O 15. Nxd4 Rd8 16. Be3 Bd7 17. Rc1 h6 18. h3 Be8 19. Ke2 Rd6 20. e5 Rxd4 21.
Bxd4 Nd5 22. Be3 Bc6 23. a3 Re8 24. d4 Ne7 25. Rhf1 Bxg2 26. Rg1 Bxh3 27. Bxh6
g6 28. Be3 Nd5 29. Rg3 Bf5 30. Rf1 Kf8 31. Rh1 Ke7 32. Bg5+ Ke6 33. Rc1 Rh8 34.
Kf3 Rh2 35. Rc8 Rxb2 36. Re8+ Kd7 37. Rd8+ Kc6 38. Rd6+ Kc7 39. Rxd5 Rb3+ 40.
Be3 Rxa3 41. Rg1 Be6 42. Rc1+ Kb8 43. Rd8+ Ka7 44. d5+ 1-0

[Event "Titled Tue 1st Jul Late"]
[Site "chess.com INT"]
[Date "2025.07.01"]
[Round "10"]
[White "Stojanovski, Sandi"]
[Black "Slovineanu, Viacheslav"]
[Result "0-1"]
[WhiteTitle "FM"]
[BlackTitle "IM"]
[WhiteElo "2169"]
[BlackElo "2412"]
[WhiteFideId "1403249"]
[BlackFideId "13900510"]
[EventDate "2025.07.01"]

1. d3 d5 2. Nf3 Nf6 3. g3 Nbd7 4. Bg2 e5 5. O-O Bd6 6. c4 c6 7. cxd5 cxd5 8. Nc3
O-O 9. e4 d4 10. Nd5 h6 11. Nd2 b5 12. a4 bxa4 13. Nc4 Nc5 14. Rxa4 Nxd5 15.
exd5 Nxa4 16. Qxa4 a5 17. b3 Bd7 18. Qa2 Bb5 19. Nxd6 Qxd6 20. Ba3 Qa6 21. Bxf8
Rxf8 22. Ra1 Ra8 23. d6 Bc6 24. d7 Bxg2 25. Qxa5 Qxa5 26. Rxa5 Rd8 27. Kxg2 f6
28. Rd5 Kf7 29. Kf3 Ke6 30. Ke4 f5+ 0-1

[Event "Titled Tue 1st Jul Late"]
[Site "chess.com INT"]
[Date "2025.07.01"]
[Round "10"]
[White "Niemann, Hans Moke"]
[Black "Shimanov, Aleksandr"]
[Result "1-0"]
[WhiteTitle "GM"]
[BlackTitle "GM"]
[WhiteElo "2736"]
[BlackElo "2578"]
[WhiteFideId "2093596"]
[BlackFideId "4198603"]
[EventDate "2025.07.01"]

1. e4 e6 2. d4 d5 3. e5 c5 4. c3 Nc6 5. Nf3 Nge7 6. g3 cxd4 7. cxd4 Nf5 8. Bh3
Be7 9. Nc3 h5 10. O-O g5 11. Bxf5 exf5 12. Be3 f4 13. gxf4 Bg4 14. h3 Bxh3 15.
Nxg5 Bxg5 16. fxg5 Qd7 17. Re1 O-O-O 18. Rc1 Kb8 19. Nb5 Qf5 20. f4 Nb4 21. Rc3
Nxa2 22. Ra3 Nb4 23. Rxa7 Nc2 24. Qd2 Qg4+ 25. Kh2 Nb4 26. Rea1 Na6 27. Rg1 Qh4
28. Bf2 1-0

[Event "Titled Tue 1st Jul Late"]
[Site "chess.com INT"]
[Date "2025.07.01"]
[Round "10"]
[White "Rees, Ioan"]
[Black "Jimenez Salas, Maria Teresa"]
[Result "1-0"]
[WhiteTitle "FM"]
[BlackTitle "WIM"]
[WhiteElo "2280"]
[BlackElo "2170"]
[WhiteFideId "1801236"]
[BlackFideId "3843866"]
[EventDate "2025.07.01"]

1. d4 d5 2. c4 c6 3. Nf3 Nf6 4. g3 dxc4 5. Bg2 b5 6. a4 Bb7 7. Ne5 a6 8. b3 cxb3
9. Qxb3 e6 10. Bb2 Be7 11. O-O O-O 12. Rc1 Qb6 13. Nd2 Rd8 14. Ne4 Nxe4 15. Bxe4
Bf6 16. Qc2 g6 17. h4 Bxe5 18. dxe5 c5 19. Bxb7 Qxb7 20. Qxc5 Nd7 21. Qb4 Qd5
22. Rd1 Qc4 23. Qe7 Qxe2 24. Bc3 Qf3 25. Ba5 Rdc8 26. Rxd7 bxa4 27. Rad1 a3 28.
Bb4 a2 29. Rd8+ Rxd8 30. Rxd8+ Rxd8 31. Qxd8+ Kg7 32. Qf8# 1-0

[Event "Titled Tue 1st Jul Late"]
[Site "chess.com INT"]
[Date "2025.07.01"]
[Round "10"]
[White "Zapata Romero, Italo German"]
[Black "Garcia Hernandez, Rebeca"]
[Result "1-0"]
[WhiteTitle "CM"]
[BlackTitle "WCM"]
[WhiteElo "2041"]
[BlackElo "1904"]
[WhiteFideId "3842517"]
[BlackFideId "5180872"]
[EventDate "2025.07.01"]

1. c4 c5 2. g3 Nc6 3. Bg2 g6 4. Nc3 Bg7 5. e3 d6 6. d3 e6 7. Nge2 Nge7 8. d4
cxd4 9. exd4 d5 10. O-O dxc4 11. Qa4 O-O 12. Rd1 a6 13. Qxc4 b5 14. Qc5 Bb7 15.
Ne4 Nb8 16. Bf4 Nd7 17. Qa3 Nb6 18. Nf6+ Bxf6 19. Bxb7 Ned5 20. Bxa8 Qxa8 21.
Be5 Bxe5 22. dxe5 Nc4 23. Qf3 Nxe5 24. Qe4 Nd7 25. Nf4 1-0

[Event "Titled Tue 1st Jul Late"]
[Site "chess.com INT"]
[Date "2025.07.01"]
[Round "10"]
[White "Tasic, Vladimir"]
[Black "Montano Vicente, Guadalupe"]
[Result "1-0"]
[WhiteElo "2208"]
[BlackElo "1938"]
[WhiteFideId "919667"]
[BlackFideId "5181399"]
[EventDate "2025.07.01"]

1. e4 c5 2. Nf3 d6 3. Nc3 Nf6 4. e5 dxe5 5. Nxe5 a6 6. a4 e6 7. g3 Bd6 8. Nc4
Bc7 9. Bg2 O-O 10. O-O Nd5 11. Re1 Nc6 12. d3 Rb8 13. Qf3 Nd4 14. Qd1 b5 15.
axb5 axb5 16. Ne5 Bb7 17. Nxd5 Bxd5 18. c3 Bxg2 19. Kxg2 Qd5+ 20. Nf3 Nb3 21.
Ra7 Bb6 22. Ra6 Nxc1 23. Qxc1 Qxd3 24. Rd1 Qf5 25. Rd6 Bd8 26. Rdc6 Bf6 27. Qe3
c4 28. h3 Qc2 29. Qd2 Qb3 30. Rab6 Rbd8 31. Rd6 Rxd6 32. Rxd6 h6 33. Nd4 Bxd4
34. Rxd4 Rb8 35. Rd8+ Rxd8 36. Qxd8+ Kh7 37. Qd2 g6 38. h4 h5 39. Qe2 Kg7 40.
Qe5+ Kg8 41. Qe2 Kg7 42. Kf3 f6 43. Ke4 Kf7 44. Kd4 Qa4 45. Kc5 Qa6 46. Qd2 Ke7
47. Kb4 Qb6 48. Qh6 1-0

[Event "Titled Tue 1st Jul Late"]
[Site "chess.com INT"]
[Date "2025.07.01"]
[Round "10"]
[White "Andrade, Ivan"]
[Black "Simonovic, Miroslav"]
[Result "0-1"]
[WhiteTitle "FM"]
[BlackTitle "CM"]
[WhiteElo "2144"]
[BlackElo "2092"]
[WhiteFideId "14800039"]
[BlackFideId "919152"]
[EventDate "2025.07.01"]

1. e4 c5 2. Nf3 Nc6 3. Bb5 g6 4. O-O Bg7 5. Re1 e5 6. Bxc6 dxc6 7. d3 Ne7 8.
Nbd2 O-O 9. a4 b6 10. Nc4 Qc7 11. Be3 Be6 12. b3 h6 13. Qc1 Kh7 14. h3 f5 15.
exf5 gxf5 16. Rb1 Ng6 17. Bd2 Bd5 18. Qd1 e4 19. dxe4 fxe4 20. Nh2 Rxf2 21. Kxf2
Qxh2 22. Qg4 e3+ 23. Nxe3 Rf8+ 24. Ke2 Nf4+ 25. Kd1 Nxg2 26. Nxg2 Bf3+ 27. Qxf3
Rxf3 28. Ne3 Rf2 29. Nf1 Qd6 30. Kc1 Bf6 31. c3 Qd3 32. Kb2 Rxd2+ 33. Nxd2 Bxc3+
34. Ka3 Bb4+ 35. Ka2 Qxd2+ 0-1

[Event "Titled Tue 1st Jul Late"]
[Site "chess.com INT"]
[Date "2025.07.01"]
[Round "10"]
[White "Moussard, Jules"]
[Black "Mardov, Dimitar"]
[Result "1-0"]
[WhiteTitle "GM"]
[BlackTitle "IM"]
[WhiteElo "2597"]
[BlackElo "2506"]
[WhiteFideId "642908"]
[BlackFideId "30919495"]
[EventDate "2025.07.01"]

1. e4 Nc6 2. Nf3 e5 3. Bb5 a6 4. Ba4 g6 5. c3 Bg7 6. O-O Nge7 7. d4 exd4 8. cxd4
b5 9. Bb3 O-O 10. Nc3 d6 11. h3 h6 12. Be3 g5 13. d5 Na5 14. Bd4 Ng6 15. Rc1 f6
16. Ne2 g4 17. hxg4 Bxg4 18. Qd3 Ne5 19. Nxe5 fxe5 20. Be3 Rf7 21. Ng3 Qh4 22.
Bd1 Nc4 23. Bxg4 Qxg4 24. b3 Nxe3 25. Qxe3 Bf6 26. Rc6 Bg5 27. Qc3 Rc8 28. Nf5
Rcf8 29. Rxc7 1-0

[Event "Titled Tue 1st Jul Late"]
[Site "chess.com INT"]
[Date "2025.07.01"]
[Round "10"]
[White "Williams, Justus"]
[Black "Szpar, Milosz"]
[Result "1-0"]
[WhiteTitle "IM"]
[BlackTitle "IM"]
[WhiteElo "2355"]
[BlackElo "2495"]
[WhiteFideId "2049929"]
[BlackFideId "1184989"]
[EventDate "2025.07.01"]

1. Nf3 d5 2. e3 Nf6 3. c4 c6 4. Nc3 e6 5. d4 Nbd7 6. Bd3 dxc4 7. Bxc4 b5 8. Be2
a6 9. O-O Be7 10. b3 O-O 11. Bb2 c5 12. Rc1 Bb7 13. Qc2 Rc8 14. Qb1 Qb6 15. Rfd1
Rfd8 16. a3 h6 17. h3 Bd6 18. dxc5 Nxc5 19. b4 Nce4 20. Nxe4 Bxe4 21. Qa1 Be7
22. Ne5 Qb7 23. Bf3 Rxc1 24. Qxc1 Rc8 25. Qd2 Bxf3 26. Nxf3 Ne4 27. Qd7 Qxd7 28.
Rxd7 Rc2 29. Bxg7 Bxb4 30. axb4 Kxg7 31. Ne5 Rxf2 32. Rd4 f5 33. Rxe4 Rb2 34.
Rd4 Kf6 35. Nc6 Rb3 36. Kf2 Rb2+ 37. Kf3 Rb3 38. Na5 Rc3 39. Rd6 Ke5 40. Rxa6 f4
41. Nc6+ Kd5 42. Ne7+ Kc4 43. Rxe6 fxe3 44. Rxe3 Kxb4 45. Nd5+ 1-0

[Event "Titled Tue 1st Jul Late"]
[Site "chess.com INT"]
[Date "2025.07.01"]
[Round "10"]
[White "Danzer, George"]
[Black "Siekanska, Zuzanna"]
[Result "0-1"]
[WhiteTitle "CM"]
[BlackTitle "WCM"]
[WhiteElo "2172"]
[BlackElo "1864"]
[WhiteFideId "4659465"]
[BlackFideId "21852537"]
[EventDate "2025.07.01"]

1. e4 e5 2. Nf3 Nc6 3. Bb5 a6 4. Ba4 Nf6 5. O-O b5 6. Bb3 Be7 7. d3 O-O 8. c3 d6
9. h3 Na5 10. Bc2 c5 11. d4 Qc7 12. d5 Bd7 13. Be3 g6 14. Nbd2 Nh5 15. Re1 c4
16. b4 cxb3 17. axb3 Qxc3 18. Nc4 Nxc4 19. bxc4 Qxc4 20. Rc1 Qc7 21. Qd2 Qb7 22.
g4 Ng7 23. Bh6 a5 24. Ng5 b4 25. Bd3 a4 26. f4 Bxg5 27. Bxg5 b3 28. Be7 Rfc8 29.
Bxd6 Qb6+ 30. Bc5 Rxc5 31. Qf2 Rac8 32. fxe5 b2 33. Rb1 a3 34. e6 fxe6 0-1

[Event "Titled Tue 1st Jul Late"]
[Site "chess.com INT"]
[Date "2025.07.01"]
[Round "10"]
[White "Cuevas Araya, Walter"]
[Black "Alvarado, Carlos"]
[Result "0-1"]
[WhiteTitle "FM"]
[BlackTitle "CM"]
[WhiteElo "2052"]
[BlackElo "2032"]
[WhiteFideId "3405028"]
[BlackFideId "3800555"]
[EventDate "2025.07.01"]

1. e4 c6 2. Nf3 d5 3. exd5 cxd5 4. Ne5 Nf6 5. d4 Nc6 6. Bb5 Bd7 7. Nxd7 Qxd7 8.
O-O a6 9. Ba4 e6 10. c3 Be7 11. Nd2 O-O 12. Nf3 b5 13. Bc2 Ne4 14. Bf4 Bd6 15.
Bxd6 Nxd6 16. Re1 Rac8 17. Qd3 g6 18. Ne5 Nxe5 19. dxe5 Nc4 20. b3 Na3 21. Bd1
Rc7 22. Be2 Rfc8 23. Rac1 a5 24. h4 b4 25. c4 dxc4 26. Qxd7 Rxd7 27. bxc4 Rdc7
28. h5 Nxc4 29. hxg6 hxg6 30. Bxc4 Rxc4 31. Rxc4 Rxc4 32. Re2 Kf8 33. g3 g5 34.
Kg2 g4 35. f3 gxf3+ 36. Kxf3 Kg7 37. Rf2 Kg6 38. Ke3 Rc3+ 39. Kf4 a4 40. g4 b3
41. axb3 axb3 42. Rb2 Rc4+ 43. Kf3 Rb4 44. Ke3 Kg5 45. Kd3 Kxg4 46. Kc3 Rb7 47.
Rg2+ Kf5 48. Kb2 Kxe5 49. Re2+ Kf6 50. Rf2+ Ke7 51. Rf3 f5 0-1

[Event "Titled Tue 1st Jul Late"]
[Site "chess.com INT"]
[Date "2025.07.01"]
[Round "10"]
[White "Reinecke, Katharina"]
[Black "Santos, Antonio P"]
[Result "1-0"]
[WhiteTitle "WCM"]
[BlackTitle "FM"]
[WhiteElo "1921"]
[BlackElo "2165"]
[WhiteFideId "12929727"]
[BlackFideId "1900161"]
[EventDate "2025.07.01"]

1. d4 Nf6 2. Nf3 g6 3. g3 Bg7 4. Bg2 O-O 5. O-O d5 6. c4 c6 7. b3 Bf5 8. Bb2
Nbd7 9. Nc3 Ne4 10. Nd2 Bxd4 11. Ndxe4 e5 12. Nd6 Be6 13. e3 Bxc3 14. Bxc3 Nc5
15. cxd5 cxd5 16. Bxe5 f6 17. Bxd5 fxe5 18. Bxe6+ Nxe6 19. Nxb7 Qb6 20. Qd6 Qxb7
21. Qxe6+ Rf7 22. Qxe5 Raf8 23. Rac1 Qa6 24. Rc2 Qd3 25. Qc3 Qe4 26. Qd2 h5 27.
Rfc1 h4 28. Qd4 Qe7 29. Qxh4 Qxh4 30. gxh4 Rd8 31. Rc8 Rd7 32. Rxd8+ Rxd8 33.
Rc7 a5 34. Ra7 Rd5 35. Kg2 Rh5 36. Kg3 Rd5 37. e4 1-0

[Event "Titled Tue 1st Jul Late"]
[Site "chess.com INT"]
[Date "2025.07.01"]
[Round "10"]
[White "Mahdavi, Reza"]
[Black "Deac, Bogdan-Daniel"]
[Result "1-0"]
[WhiteTitle "IM"]
[BlackTitle "GM"]
[WhiteElo "2454"]
[BlackElo "2674"]
[WhiteFideId "12595926"]
[BlackFideId "1226380"]
[EventDate "2025.07.01"]

1. e4 e5 2. Nf3 Nc6 3. Bc4 Nf6 4. d3 Be7 5. O-O O-O 6. Re1 d6 7. a3 a5 8. Nc3
Be6 9. Nd5 Qd7 10. c3 Bd8 11. d4 Bg4 12. h3 Bxf3 13. Qxf3 exd4 14. Qg3 Ne5 15.
Ba2 Nh5 16. Qh2 c6 17. Nf4 Nxf4 18. Bxf4 dxc3 19. bxc3 Bf6 20. Rad1 Qe7 21. Qg3
Rfd8 22. Bc1 b5 23. Re2 Nc4 24. Bxc4 bxc4 25. f4 Rab8 26. Qf3 Qe6 27. Kh2 h6 28.
a4 Rb3 29. e5 dxe5 30. Rxd8+ Bxd8 31. Rxe5 Qd7 32. Qe4 g6 33. Be3 Bf6 34. Rxa5
Kg7 35. Ra8 1-0

[Event "Titled Tue 1st Jul Late"]
[Site "chess.com INT"]
[Date "2025.07.01"]
[Round "10"]
[White "Lichtmannecker, Daniel"]
[Black "Fomevor, Cephas Clinton"]
[Result "0-1"]
[WhiteTitle "CM"]
[BlackTitle "CM"]
[WhiteElo "2194"]
[BlackElo "1883"]
[WhiteFideId "12979414"]
[BlackFideId "12601330"]
[EventDate "2025.07.01"]

1. d4 d5 2. Nc3 Nf6 3. Bf4 a6 4. e3 c5 5. dxc5 Nc6 6. a3 Bf5 7. b4 e6 8. Nf3 a5
9. b5 Nb8 10. Qd4 Be7 11. Bd3 Bg6 12. O-O O-O 13. Ne5 Nbd7 14. Na4 Nh5 15. Nxd7
Nxf4 16. exf4 Bxd3 17. Qxd3 Qxd7 18. Nb6 Qc7 19. Nxa8 Rxa8 20. g3 Bxc5 21. a4 b6
22. Rac1 g6 23. c4 dxc4 24. Qxc4 Rd8 25. Rfd1 Rxd1+ 26. Kg2 Rxc1 27. Qxc1 Qb7+
28. f3 Qd5 29. Qc3 Qa2+ 30. Kh3 Bg1 31. Qc8+ Kg7 32. Qc3+ Kh6 33. Kg4 f5+ 0-1

[Event "Titled Tue 1st Jul Late"]
[Site "chess.com INT"]
[Date "2025.07.01"]
[Round "10"]
[White "Svane, Rasmus"]
[Black "Ambartsumova, Karina"]
[Result "1-0"]
[WhiteTitle "GM"]
[BlackTitle "IM"]
[WhiteElo "2626"]
[BlackElo "2403"]
[WhiteFideId "4657101"]
[BlackFideId "4166299"]
[EventDate "2025.07.01"]

1. Nf3 Nf6 2. g3 e6 3. Bg2 d5 4. O-O Be7 5. d4 b5 6. a4 b4 7. c4 bxc3 8. Nxc3
O-O 9. Bf4 Bb7 10. Qb3 Ba6 11. Rfc1 c5 12. dxc5 Bxc5 13. Nb5 Bxb5 14. Qxb5 Bd6
15. Bxd6 Qxd6 16. b4 Nbd7 17. Rc6 Qe7 18. Qa5 Nb6 19. Ne5 Rfc8 20. Rac1 Rxc6 21.
Nxc6 Qb7 22. b5 Nc4 23. Rxc4 dxc4 24. Nd8 Qc8 25. Bxa8 c3 26. Nc6 Ne4 27. Ne7+ 1-0

[Event "Titled Tue 1st Jul Late"]
[Site "chess.com INT"]
[Date "2025.07.01"]
[Round "10"]
[White "Li, Yilin"]
[Black "Vila Dupla, Aurelio"]
[Result "0-1"]
[WhiteTitle "WFM"]
[BlackTitle "FM"]
[WhiteElo "1922"]
[BlackElo "2056"]
[WhiteFideId "8610410"]
[BlackFideId "2203383"]
[EventDate "2025.07.01"]

1. e4 c5 2. Be2 d6 3. f4 g6 4. Nf3 Bg7 5. c3 Nf6 6. O-O O-O 7. e5 Nd5 8. d4 cxd4
9. cxd4 Nc6 10. Nc3 Nxc3 11. bxc3 dxe5 12. fxe5 Be6 13. Bf4 Na5 14. Kh1 Rc8 15.
Qd2 a6 16. Rfd1 Bd5 17. Rac1 b5 18. Bh6 f6 19. Bxg7 Kxg7 20. exf6+ exf6 21. h4
h5 22. a3 Nb3 23. Qe3 Re8 24. Qf2 Nxc1 25. Rxc1 Qd6 26. Ng1 Re4 27. Bd3 Qf4 28.
Qxf4 Rxf4 29. Nf3 Bxf3 30. gxf3 Rxf3 31. Be4 Rfxc3 32. Rg1 Rc1 33. Kh2 Rxg1 34.
Kxg1 0-1

[Event "Titled Tue 1st Jul Late"]
[Site "chess.com INT"]
[Date "2025.07.01"]
[Round "10"]
[White "Gustafsson, Jan"]
[Black "Burovic, Rijad"]
[Result "1-0"]
[WhiteTitle "GM"]
[BlackTitle "IM"]
[WhiteElo "2591"]
[BlackElo "2420"]
[WhiteFideId "4625498"]
[BlackFideId "14407701"]
[EventDate "2025.07.01"]

1. c4 g6 2. e4 Bg7 3. d4 d6 4. Nc3 e5 5. Nge2 exd4 6. Nxd4 Ne7 7. h4 Nbc6 8. Be3
h5 9. Be2 O-O 10. Qd2 f5 11. Nxc6 bxc6 12. Bh6 Rb8 13. O-O-O fxe4 14. Bxg7 Kxg7
15. Nxe4 Bf5 16. Qc3+ Kh6 17. Ng5 c5 18. Bf3 Nc8 19. Rhe1 Nb6 20. b3 a5 21. Qxa5
Qf6 22. Re3 Nxc4 23. Qc3 Nxe3 24. Qxe3 Qa1+ 25. Kd2 Qb2+ 26. Ke1 Rbe8 27. Ne6+
Kh7 28. Nxf8+ Rxf8 29. Qe7+ Qg7 30. Qxg7+ Kxg7 31. a4 Rb8 32. a5 Rxb3 33. Ra1 1-0

[Event "Titled Tue 1st Jul Late"]
[Site "chess.com INT"]
[Date "2025.07.01"]
[Round "10"]
[White "Dubnevych, Maksym"]
[Black "Frischmann, Rick"]
[Result "1-0"]
[WhiteTitle "FM"]
[BlackTitle "FM"]
[WhiteElo "2296"]
[BlackElo "2355"]
[WhiteFideId "14184001"]
[BlackFideId "24660752"]
[EventDate "2025.07.01"]

1. Nc3 d5 2. e4 dxe4 3. Nxe4 Qd5 4. Qf3 Nc6 5. c3 e5 6. b3 Be6 7. Bc4 Qd7 8.
Bxe6 Qxe6 9. Ne2 f5 10. N4g3 g6 11. O-O O-O-O 12. d4 e4 13. Qe3 Nf6 14. Nf4 Qf7
15. f3 exf3 16. Qxf3 Bd6 17. Bd2 h5 18. Nh3 Kb8 19. Ng5 Qd7 20. Rae1 h4 21. Ne2
Ng4 22. Bf4 Rhe8 23. h3 Nf6 24. Bxd6 cxd6 25. Nf4 Rxe1 26. Rxe1 Rg8 27. Re6 Ne4
28. Nxe4 fxe4 29. Qxe4 g5 30. Nd5 Qf7 31. Nf6 Rf8 32. Re8+ Rxe8 33. Qxe8+ Qxe8
34. Nxe8 d5 35. Nf6 Ne7 36. Nh7 b5 37. Nxg5 b4 38. cxb4 Nc6 39. Nf3 Nxb4 40. a4
Nc2 41. Kf2 Kc7 42. Ke2 Na1 43. b4 Nc2 44. b5 Kb6 45. Kd3 Na3 46. Nxh4 Ka5 47.
g4 Kxa4 48. g5 1-0

[Event "Titled Tue 1st Jul Late"]
[Site "chess.com INT"]
[Date "2025.07.01"]
[Round "10"]
[White "Donoso Aguirre, Maximiliano"]
[Black "Kharitonov, Sergei"]
[Result "1-0"]
[WhiteTitle "CM"]
[BlackTitle "CM"]
[WhiteElo "2050"]
[BlackElo "2014"]
[WhiteFideId "3458920"]
[BlackFideId "4129750"]
[EventDate "2025.07.01"]

1. e4 c5 2. c3 g6 3. d4 cxd4 4. cxd4 d5 5. e5 Nc6 6. Nc3 a6 7. Nf3 Bg4 8. Be3 e6
9. h3 Bxf3 10. Qxf3 Qb6 11. O-O-O Rc8 12. Kb1 Ba3 13. Na4 Qb4 14. b3 b5 15. Nc5
Qc3 16. Qe2 Nge7 17. Qd2 Qxd2 18. Rxd2 Bxc5 19. dxc5 O-O 20. f4 Nf5 21. Bf2 d4
22. g4 Ne3 23. Bxe3 dxe3 24. Rd6 Nb4 25. a3 Rxc5 26. axb4 Rc3 27. Rd3 Rfc8 28.
Be2 Rc2 29. Rxe3 Rd2 30. Rd1 Rxd1+ 31. Bxd1 h6 32. Rd3 Kf8 33. Bf3 Ke7 34. Bb7
Rb8 35. Bxa6 Rb6 36. Bc8 Rb8 37. Bd7 1-0

[Event "Titled Tue 1st Jul Late"]
[Site "chess.com INT"]
[Date "2025.07.01"]
[Round "10"]
[White "Pakleza, Zbigniew"]
[Black "Manukyan, Sargis A."]
[Result "0-1"]
[WhiteTitle "GM"]
[BlackTitle "FM"]
[WhiteElo "2484"]
[BlackElo "2294"]
[WhiteFideId "1119290"]
[BlackFideId "13303970"]
[EventDate "2025.07.01"]

1. d4 d5 2. Nf3 Nf6 3. Bf4 e6 4. Nbd2 Bd6 5. Bg3 c5 6. e3 O-O 7. Be2 Qc7 8. O-O
Nbd7 9. c4 cxd4 10. Nxd4 Bxg3 11. hxg3 a6 12. Rc1 Qa5 13. a3 dxc4 14. Nxc4 Qg5
15. Nd6 Ne5 16. b4 Rd8 17. Nxc8 Raxc8 18. Rxc8 Rxc8 19. Nf3 Nxf3+ 20. Bxf3 Qb5
21. Qd6 g6 22. Rd1 Kg7 23. g4 h6 24. Qe7 b6 25. g3 a5 26. Kg2 Re8 27. Qd6 Rc8
28. Rd2 axb4 29. axb4 Rc4 30. Be2 Qc6+ 31. Qxc6 Rxc6 32. b5 Rc5 33. Rd6 Nd5 34.
Rc6 Rxc6 35. bxc6 Kf6 36. Bc4 Nc7 37. f4 Ke7 38. Be2 Kd6 39. Bf3 Nd5 40. e4 Nb4
41. e5+ Kc7 42. Kf2 Nxc6 43. Ke3 b5 44. Bd1 Kb6 45. Ke4 b4 46. f5 g5 47. f6 Na5
48. Kd4 b3 49. Kc3 Kc5 50. Bf3 b2 51. Kxb2 Nc4+ 52. Kc3 Nxe5 0-1

[Event "Titled Tue 1st Jul Late"]
[Site "chess.com INT"]
[Date "2025.07.01"]
[Round "10"]
[White "Jing, Andrew"]
[Black "Pereyra, Horacio"]
[Result "1-0"]
[WhiteTitle "FM"]
[WhiteElo "2292"]
[BlackElo "2133"]
[WhiteFideId "30984076"]
[BlackFideId "113700"]
[EventDate "2025.07.01"]

1. e4 c5 2. Nf3 d6 3. Bb5+ Nd7 4. O-O a6 5. Be2 Ngf6 6. Nc3 g6 7. a4 Bg7 8. d4
cxd4 9. Nxd4 O-O 10. Be3 Qc7 11. f4 b6 12. Bf3 Bb7 13. Qe2 Nc5 14. Bf2 Rfe8 15.
e5 Bxf3 16. Nxf3 dxe5 17. fxe5 Nfd7 18. Nd5 Qb7 19. c4 Ne6 20. Rad1 Rad8 21. b4
b5 22. axb5 axb5 23. Qe4 Qb8 24. c5 Nxe5 25. Nxe5 Qxe5 26. Qxe5 Bxe5 27. Rfe1
Bg7 28. Nxe7+ Kf8 29. Nd5 Ra8 30. Nb6 Ra2 31. c6 Rc2 32. Nd7+ Kg8 33. Bc5 Rc8
34. Rd6 Bc3 35. Re4 Bg7 36. Nb6 Re8 37. Rexe6 fxe6 38. c7 Bf6 39. c8=Q Rxc8 40.
Nxc8 Be7 41. Nxe7+ Kf7 42. Nc6 Rxc5 43. bxc5 1-0

[Event "Titled Tue 1st Jul Late"]
[Site "chess.com INT"]
[Date "2025.07.01"]
[Round "10"]
[White "Demchenko, Yaroslav"]
[Black "Soza de la Carrera, Jose"]
[Result "0-1"]
[WhiteTitle "CM"]
[BlackTitle "CM"]
[WhiteElo "2263"]
[BlackElo "2221"]
[WhiteFideId "14186667"]
[BlackFideId "3401278"]
[EventDate "2025.07.01"]

1. Nf3 Nf6 2. b3 c5 3. Bb2 e6 4. e3 b6 5. d4 Bb7 6. Bd3 Be7 7. Nbd2 d5 8. Ne5
O-O 9. Qf3 cxd4 10. exd4 Nc6 11. a3 Rc8 12. Qh3 g6 13. O-O Nxe5 14. dxe5 Nd7 15.
b4 a5 16. Nf3 axb4 17. axb4 Bxb4 18. Qh6 Re8 19. Ng5 Nf8 20. h4 Bc3 21. Ba3 Rc5
22. Bxc5 bxc5 23. f4 Bxa1 24. Rxa1 d4 25. h5 c4 26. hxg6 fxg6 27. Bxc4 d3 28.
Nxh7 Qd4+ 29. Kh2 Nxh7 30. Qxg6+ Kf8 31. Qh6+ Kg8 32. Qg6+ Kf8 33. Qh6+ Kg8 34.
Bxd3 Re7 35. Rd1 Qb6 36. Bg6 Nf8 37. Rd6 Qf2 38. Rd8 Qxg2# 0-1

[Event "Titled Tue 1st Jul Late"]
[Site "chess.com INT"]
[Date "2025.07.01"]
[Round "10"]
[White "Gulecyuz, Deniz"]
[Black "Ismayilova, Khanim"]
[Result "1-0"]
[BlackTitle "WCM"]
[WhiteElo "1991"]
[BlackElo "1971"]
[WhiteFideId "30921341"]
[BlackFideId "13429019"]
[EventDate "2025.07.01"]

1. e4 c5 2. Nc3 Nc6 3. f4 g6 4. Nf3 Bg7 5. Bc4 e6 6. O-O Nge7 7. d3 O-O 8. Qe1
d5 9. Bb3 Nd4 10. Nxd4 cxd4 11. Nd1 dxe4 12. dxe4 Nc6 13. Nf2 b5 14. Nd3 a5 15.
a4 b4 16. Qg3 Ba6 17. f5 exf5 18. exf5 Bxd3 19. cxd3 Qb8 20. fxg6 Qxg3 21. gxf7+
Kh8 22. hxg3 Ne5 23. Bg5 Ra7 24. Rae1 h6 25. Bf6 Nxd3 26. Re8 Ra8 27. Rxa8 Rxa8
28. Bxg7+ Kxg7 29. Rd1 Nxb2 30. Rxd4 Rc8 31. Rg4+ Kf6 32. Rg8 Rc1+ 33. Kh2 1-0

[Event "Titled Tue 1st Jul Late"]
[Site "chess.com INT"]
[Date "2025.07.01"]
[Round "10"]
[White "Silvestre, Christian"]
[Black "Reprintsev, Alexander"]
[Result "0-1"]
[BlackTitle "IM"]
[WhiteElo "1992"]
[BlackElo "2256"]
[WhiteFideId "30956269"]
[BlackFideId "14100541"]
[EventDate "2025.07.01"]

1. e4 d5 2. exd5 Qxd5 3. Nc3 Qa5 4. Nf3 Nf6 5. Bc4 Nc6 6. Qe2 Bg4 7. Qe3 Qh5 8.
Be2 O-O-O 9. d3 Nb4 10. Bd1 Bxf3 11. gxf3 e6 12. Qxa7 Bc5 13. Qa8+ Kd7 14. Qa4+
c6 15. a3 b5 16. Qb3 Nbd5 17. Ne4 Bb6 18. Ng3 Qh3 19. c4 Qg2 20. Rf1 Ba5+ 21.
Bd2 Bxd2+ 22. Kxd2 bxc4 23. Qb7+ Nc7 24. dxc4 Ke7+ 25. Kc3 Rd7 26. Ba4 Ncd5+ 27.
cxd5 Rxb7 28. dxc6 Ra7 29. Bb5 Nd5+ 30. Kc4 Qxf3 31. Rfe1 Rc8 32. Rad1 Nb6+ 33.
Kc5 Qxf2+ 34. Kb4 Qxb2+ 35. Kc5 Na4+ 36. Bxa4 Qf2+ 37. Kb5 Rb8+ 38. Kc4 Rxa4+
39. Kc3 Qb2+ 40. Kd3 Rxa3+ 41. Ke4 Rb4+ 42. Rd4 Qxd4# 0-1